[Event "II. rocnik Poharu plk. gst. Aloise Parala"]
[Site "?"]
[Date "2024.04.20"]
[Round "4.2"]
[White "Bures, Vit"]
[Black "Buchnicek, Petr"]
[Result "1/2-1/2"]
[BlackElo "2212"]
[WhiteElo "2182"]
[LiveChessVersion "1.4.8"]

1. d4 {[%clk 0:14:59]} f5 {[%clk 0:14:59]} 2. Nc3 {[%clk 0:14:58]} Nf6
{[%clk 0:14:58]} 3. Bg5 {[%clk 0:14:56]} d5 {[%clk 0:14:56]} 4. Bxf6
{[%clk 0:14:55]} exf6 {[%clk 0:14:54]} 5. e3 {[%clk 0:14:51]} Bd6
{[%clk 0:14:39]} 6. Bd3 {[%clk 0:14:43]} c6 {[%clk 0:14:36]} 7. h4
{[%clk 0:14:35]} Be6 {[%clk 0:14:08]} 8. h5 {[%clk 0:14:26]} f4 {[%clk 0:13:35]}
9. Qf3 {[%clk 0:14:04]} fxe3 {[%clk 0:13:31]} 10. fxe3 {[%clk 0:13:55]} Nd7
{[%clk 0:13:08]} 11. Nge2 {[%clk 0:13:39]} Qc7 {[%clk 0:12:46]} 12. O-O-O
{[%clk 0:13:25]} O-O-O {[%clk 0:12:43]} 13. h6 {[%clk 0:12:02]} g6
{[%clk 0:12:36]} 14. e4 {[%clk 0:10:48]} dxe4 {[%clk 0:12:14]} 15. Bxe4
{[%clk 0:10:47]} f5 {[%clk 0:12:06]} 16. Bd3 {[%clk 0:10:45]} Rhe8
{[%clk 0:12:00]} 17. d5 {[%clk 0:09:57]} Ne5 {[%clk 0:11:40]} 18. Qh3
{[%clk 0:09:28]} Bxd5 {[%clk 0:11:11]} 19. Nxd5 {[%clk 0:09:17]} cxd5
{[%clk 0:11:09]} 20. Bb5 {[%clk 0:09:07]} Nc6 {[%clk 0:10:40]} 21. Kb1
{[%clk 0:08:43]} a6 {[%clk 0:10:16]} 22. Bd3 Qb6 23. g4 {[%clk 0:06:31]} Re3
{[%clk 0:09:57]} 24. Qg2 {[%clk 0:05:59]} Be5 {[%clk 0:09:45]} 25. c3
{[%clk 0:05:49]} f4 {[%clk 0:09:37]} 26. Rhf1 {[%clk 0:05:27]} Kb8
{[%clk 0:08:37]} 27. Nxf4 {[%clk 0:04:36]} Bxc3 {[%clk 0:08:21]} 28. Qc2
{[%clk 0:04:30]} Be5 {[%clk 0:08:05]} 29. a3 {[%clk 0:04:11]} Nd4
{[%clk 0:07:53]} 30. Qd2 {[%clk 0:04:04]} Nf3 {[%clk 0:07:41]} 31. Qg2
{[%clk 0:03:34]} Bxf4 {[%clk 0:06:31]} 32. Rxf3 {[%clk 0:03:32]} Rxf3
{[%clk 0:06:01]} 33. Qxf3 {[%clk 0:03:31]} Bxh6 {[%clk 0:06:00]} 34. Qf7
{[%clk 0:03:08]} Rf8 {[%clk 0:05:02]} 35. Qxh7 {[%clk 0:03:05]} Rf2
{[%clk 0:05:00]} 36. Bc2 {[%clk 0:02:52]} Bg5 {[%clk 0:04:49]} 37. Qg8+
{[%clk 0:02:25]} Ka7 {[%clk 0:04:46]} 38. Qxd5 {[%clk 0:02:24]} Bf6
{[%clk 0:04:42]} 39. b4 {[%clk 0:02:23]} g5 {[%clk 0:03:40]} 40. Qd6
{[%clk 0:02:12]} Qe3 {[%clk 0:03:29]} 41. Qc5+ {[%clk 0:01:54]} Qxc5
{[%clk 0:03:28]} 42. bxc5 {[%clk 0:01:54]} Rf4 {[%clk 0:03:23]} 43. Bf5
{[%clk 0:01:51]} Rc4 {[%clk 0:03:20]} 44. Rd6 {[%clk 0:01:45]} Be5
{[%clk 0:03:17]} 45. Rd5 {[%clk 0:01:43]} Bf4 {[%clk 0:03:11]} 46. Kb2
{[%clk 0:01:42]} Be3 47. Bd3 {[%clk 0:01:35]} Rxc5 {[%clk 0:03:07]} 48. Rxc5
{[%clk 0:01:35]} Bxc5 {[%clk 0:03:04]} 49. Kb3 Kb6 50. a4 {[%clk 0:01:33]}
1/2-1/2

[Event "II. rocnik Poharu plk. gst. Aloise Parala"]
[Site "?"]
[Date "2024.04.20"]
[Round "4.3"]
[White "Janicek, Jindrich"]
[Black "Kulovana, Eva"]
[Result "1/2-1/2"]
[BlackElo "2070"]
[WhiteElo "2013"]
[LiveChessVersion "1.4.8"]

1. Nf3 {[%clk 0:14:54]} d5 {[%clk 0:14:58]} 2. d4 {[%clk 0:14:51]} Nf6
{[%clk 0:14:56]} 3. c4 {[%clk 0:14:50]} c6 {[%clk 0:14:54]} 4. Nc3
{[%clk 0:14:47]} a6 {[%clk 0:14:52]} 5. a4 {[%clk 0:14:45]} e6 {[%clk 0:14:50]}
6. Bg5 {[%clk 0:14:38]} Be7 {[%clk 0:14:48]} 7. e3 {[%clk 0:14:36]} a5
{[%clk 0:14:45]} 8. Bd3 {[%clk 0:14:29]} Na6 {[%clk 0:14:43]} 9. O-O
{[%clk 0:14:18]} Nb4 {[%clk 0:14:40]} 10. Be2 {[%clk 0:14:09]} O-O
{[%clk 0:14:26]} 11. Qb3 {[%clk 0:14:01]} b6 {[%clk 0:14:13]} 12. Rfd1
{[%clk 0:13:47]} Ba6 {[%clk 0:14:09]} 13. Ne5 {[%clk 0:13:39]} Rc8
{[%clk 0:13:55]} 14. Rac1 {[%clk 0:13:28]} h6 {[%clk 0:13:03]} 15. Bh4
{[%clk 0:13:23]} Nd7 {[%clk 0:12:40]} 16. Bg3 {[%clk 0:13:10]} Nxe5
{[%clk 0:12:22]} 17. Bxe5 {[%clk 0:12:30]} Bd6 {[%clk 0:12:00]} 18. cxd5
{[%clk 0:11:15]} Bxe2 {[%clk 0:11:34]} 19. Nxe2 {[%clk 0:11:13]} exd5
{[%clk 0:10:46]} 20. Bxd6 {[%clk 0:10:35]} Qxd6 {[%clk 0:10:44]} 21. Nf4
{[%clk 0:10:28]} Rfd8 {[%clk 0:09:35]} 22. Nd3 {[%clk 0:10:20]} c5
{[%clk 0:09:17]} 23. dxc5 {[%clk 0:10:19]} bxc5 {[%clk 0:09:15]} 24. Nxb4
{[%clk 0:10:09]} axb4 {[%clk 0:09:10]} 25. Qd3 c4 {[%clk 0:08:27]} 26. Qd4
{[%clk 0:08:06]} Qa6 {[%clk 0:05:31]} 27. b3 {[%clk 0:07:43]} cxb3
{[%clk 0:04:20]} 28. Qxb4 {[%clk 0:07:00]} Rb8 {[%clk 0:04:18]} 29. Qd4
{[%clk 0:06:55]} Qb6 {[%clk 0:03:07]} 30. g3 {[%clk 0:05:59]} Rd6
{[%clk 0:02:40]} 31. Kg2 {[%clk 0:05:42]} Qxd4 {[%clk 0:01:57]} 32. Rxd4
{[%clk 0:05:40]} Ra8 {[%clk 0:01:55]} 33. Rb1 {[%clk 0:05:35]} Rb8
{[%clk 0:01:51]} 34. Rd3 {[%clk 0:05:26]} Ra6 {[%clk 0:01:47]} 35. Rbxb3
{[%clk 0:05:02]} Rxb3 {[%clk 0:01:47]} 36. Rxb3 Rxa4 {[%clk 0:01:46]} 37. Rb8+
{[%clk 0:04:56]} Kh7 {[%clk 0:01:45]} 38. Rd8 {[%clk 0:04:54]} Ra5
{[%clk 0:01:44]} 39. Rd6 {[%clk 0:04:39]} f6 {[%clk 0:01:42]} 40. f4 Kg6 41. g4
{[%clk 0:04:27]} h5 {[%clk 0:01:39]} 42. h3 {[%clk 0:04:26]} hxg4
{[%clk 0:01:38]} 43. hxg4 {[%clk 0:04:25]} Kf7 {[%clk 0:01:36]} 44. Rd7+
{[%clk 0:04:21]} Kf8 {[%clk 0:01:36]} 45. Kf3 {[%clk 0:04:09]} Rb5
{[%clk 0:01:34]} 46. f5 {[%clk 0:02:40]} Ra5 {[%clk 0:01:33]} 47. Ke2
{[%clk 0:02:38]} Ra4 {[%clk 0:01:31]} 48. Kf3 {[%clk 0:02:34]} Ra5
{[%clk 0:01:30]} 49. Ke2 {[%clk 0:02:23]} Ra4 {[%clk 0:01:29]} 50. Kf3
{[%clk 0:02:22]} Ra5 1/2-1/2

[Event "II. rocnik Poharu plk. gst. Aloise Parala"]
[Site "?"]
[Date "2024.04.20"]
[Round "4.4"]
[White "Rozumek, Vlastimil"]
[Black "Kabat, Josef"]
[Result "1-0"]
[BlackElo "1854"]
[WhiteElo "2053"]
[LiveChessVersion "1.4.8"]

1. d4 {[%clk 0:14:57]} Nf6 {[%clk 0:14:57]} 2. Bg5 {[%clk 0:14:55]} e6
{[%clk 0:14:54]} 3. Nf3 {[%clk 0:14:53]} Be7 {[%clk 0:14:51]} 4. e3
{[%clk 0:14:52]} O-O {[%clk 0:14:36]} 5. Bd3 {[%clk 0:14:48]} d6 {[%clk 0:14:17]}
6. O-O {[%clk 0:14:45]} Nbd7 {[%clk 0:14:12]} 7. c3 {[%clk 0:14:43]} h6
{[%clk 0:14:11]} 8. Bh4 {[%clk 0:14:41]} b6 {[%clk 0:14:09]} 9. Nbd2
{[%clk 0:14:39]} e5 {[%clk 0:13:12]} 10. Bc2 {[%clk 0:14:18]} Nd5
{[%clk 0:11:50]} 11. Bg3 {[%clk 0:14:04]} exd4 {[%clk 0:11:40]} 12. exd4
{[%clk 0:13:53]} Bb7 {[%clk 0:11:24]} 13. Re1 {[%clk 0:13:36]} N5f6
{[%clk 0:11:15]} 14. h3 {[%clk 0:13:21]} Re8 {[%clk 0:10:59]} 15. a4
{[%clk 0:13:19]} a5 {[%clk 0:10:37]} 16. Nc4 {[%clk 0:13:09]} Nf8
{[%clk 0:09:27]} 17. Qd3 {[%clk 0:12:56]} Ba6 {[%clk 0:08:11]} 18. d5
{[%clk 0:12:08]} Ng6 {[%clk 0:07:28]} 19. Qd4 {[%clk 0:11:42]} Bxc4
{[%clk 0:06:40]} 20. Qxc4 {[%clk 0:11:39]} Nh5 {[%clk 0:06:28]} 21. Bh2
{[%clk 0:11:30]} Bf6 {[%clk 0:06:05]} 22. Qg4 {[%clk 0:11:06]} 1-0

[Event "II. rocnik Poharu plk. gst. Aloise Parala"]
[Site "?"]
[Date "2024.04.20"]
[Round "4.5"]
[White "Svetly, Jiri"]
[Black "Kalendovsky, Jan"]
[Result "1-0"]
[BlackElo "1938"]
[WhiteElo "1981"]
[LiveChessVersion "1.4.8"]

1. d4 {[%clk 0:14:57]} g6 {[%clk 0:14:51]} 2. c4 {[%clk 0:14:54]} f5
{[%clk 0:14:50]} 3. Nc3 {[%clk 0:14:48]} Nf6 {[%clk 0:14:49]} 4. g3
{[%clk 0:14:43]} Bg7 {[%clk 0:14:47]} 5. Bg2 {[%clk 0:14:40]} O-O
{[%clk 0:14:44]} 6. Nf3 {[%clk 0:14:26]} d6 {[%clk 0:14:42]} 7. Bf4
{[%clk 0:14:19]} c6 {[%clk 0:14:26]} 8. O-O {[%clk 0:14:16]} Ne4 {[%clk 0:13:57]}
9. Qc2 {[%clk 0:14:02]} Nxc3 {[%clk 0:13:36]} 10. bxc3 {[%clk 0:13:56]} e6
{[%clk 0:12:50]} 11. Rad1 {[%clk 0:13:21]} h6 {[%clk 0:12:44]} 12. Rfe1
{[%clk 0:13:10]} g5 {[%clk 0:12:39]} 13. Bc1 {[%clk 0:13:07]} Qe8
{[%clk 0:12:32]} 14. Ba3 {[%clk 0:12:44]} Qe7 {[%clk 0:10:31]} 15. e4
{[%clk 0:12:14]} fxe4 {[%clk 0:10:25]} 16. Qxe4 {[%clk 0:11:55]} Na6
{[%clk 0:10:00]} 17. Ne5 {[%clk 0:11:45]} Qf6 {[%clk 0:09:44]} 18. Bxd6
{[%clk 0:11:29]} Qxf2+ {[%clk 0:09:28]} 19. Kh1 {[%clk 0:11:28]} Rf5
{[%clk 0:08:41]} 20. Ng6 {[%clk 0:10:17]} Bf6 {[%clk 0:07:25]} 21. Ne7+
{[%clk 0:09:52]} Bxe7 {[%clk 0:07:21]} 22. Bxe7 {[%clk 0:09:48]} Bd7
{[%clk 0:06:51]} 23. Re2 {[%clk 0:08:42]} 1-0

[Event "II. rocnik Poharu plk. gst. Aloise Parala"]
[Site "?"]
[Date "2024.04.20"]
[Round "4.6"]
[White "Stepan, Petr"]
[Black "Moucka, Jiri"]
[Result "0-1"]
[BlackElo "1986"]
[WhiteElo "1835"]
[LiveChessVersion "1.4.8"]

1. d4 {[%clk 0:14:57]} Nf6 {[%clk 0:14:59]} 2. c4 {[%clk 0:14:56]} c5
{[%clk 0:14:57]} 3. Nf3 {[%clk 0:14:55]} g6 {[%clk 0:14:52]} 4. Nc3
{[%clk 0:14:53]} Bg7 {[%clk 0:14:51]} 5. e4 {[%clk 0:14:51]} cxd4
{[%clk 0:14:47]} 6. Nxd4 {[%clk 0:14:49]} Nc6 {[%clk 0:14:45]} 7. Be3
{[%clk 0:14:40]} d6 {[%clk 0:14:41]} 8. Be2 {[%clk 0:14:23]} O-O {[%clk 0:14:35]}
9. O-O {[%clk 0:14:21]} Bd7 {[%clk 0:14:23]} 10. a3 {[%clk 0:13:59]} a6
{[%clk 0:14:21]} 11. Rc1 {[%clk 0:13:51]} Rc8 {[%clk 0:14:06]} 12. f3
{[%clk 0:12:55]} Nxd4 {[%clk 0:13:17]} 13. Bxd4 {[%clk 0:12:53]} Bc6
{[%clk 0:13:08]} 14. Nd5 {[%clk 0:12:43]} Nxd5 {[%clk 0:12:59]} 15. cxd5
{[%clk 0:12:39]} Bxd4+ {[%clk 0:12:30]} 16. Qxd4 {[%clk 0:12:38]} Bd7
{[%clk 0:12:26]} 17. Qb4 {[%clk 0:12:32]} b5 {[%clk 0:12:17]} 18. Qd4
{[%clk 0:12:21]} Qa5 {[%clk 0:11:35]} 19. f4 {[%clk 0:11:33]} f6 {[%clk 0:11:25]}
20. Qe3 {[%clk 0:10:48]} b4 {[%clk 0:10:50]} 21. axb4 {[%clk 0:10:26]} Qxb4
{[%clk 0:10:46]} 22. Bxa6 {[%clk 0:09:56]} Rxc1 {[%clk 0:10:37]} 23. Rxc1
{[%clk 0:09:51]} Qxb2 {[%clk 0:10:23]} 24. Qc3 {[%clk 0:09:11]} Qb6+
{[%clk 0:10:17]} 0-1

[Event "II. rocnik Poharu plk. gst. Aloise Parala"]
[Site "?"]
[Date "2024.04.20"]
[Round "5.1"]
[White "Kulovana, Eva"]
[Black "Richterova, Natasa"]
[Result "1/2-1/2"]
[BlackElo "2084"]
[WhiteElo "2070"]
[LiveChessVersion "1.4.8"]

1. e4 {[%clk 0:14:58]} e5 {[%clk 0:14:53]} 2. Nf3 {[%clk 0:14:57]} Nc6
{[%clk 0:14:50]} 3. Bb5 {[%clk 0:14:54]} d6 {[%clk 0:14:41]} 4. d4
{[%clk 0:14:52]} exd4 {[%clk 0:14:35]} 5. Nxd4 {[%clk 0:14:50]} Bd7
{[%clk 0:14:34]} 6. Bxc6 {[%clk 0:14:48]} bxc6 {[%clk 0:14:33]} 7. O-O
{[%clk 0:14:44]} Be7 {[%clk 0:14:11]} 8. Qf3 {[%clk 0:13:45]} c5 {[%clk 0:13:07]}
9. Nf5 {[%clk 0:13:23]} Bf6 {[%clk 0:12:49]} 10. Nc3 {[%clk 0:13:19]} Ne7
{[%clk 0:12:41]} 11. Nxe7 {[%clk 0:13:11]} Bxe7 {[%clk 0:12:28]} 12. Nd5
{[%clk 0:13:05]} O-O {[%clk 0:12:09]} 13. Bd2 {[%clk 0:12:39]} Bc6
{[%clk 0:10:58]} 14. Bc3 {[%clk 0:12:33]} Bxd5 {[%clk 0:09:58]} 15. exd5
{[%clk 0:12:32]} Re8 {[%clk 0:09:57]} 16. Rfe1 {[%clk 0:11:54]} Bf8
{[%clk 0:09:57]} 17. Re4 {[%clk 0:11:53]} Rxe4 {[%clk 0:09:49]} 18. Qxe4
{[%clk 0:11:51]} g6 {[%clk 0:09:15]} 19. Re1 {[%clk 0:11:40]} Bg7
{[%clk 0:09:14]} 20. Bxg7 {[%clk 0:11:33]} Kxg7 {[%clk 0:09:13]} 21. Qe7
{[%clk 0:10:40]} h5 {[%clk 0:06:37]} 22. h4 {[%clk 0:10:24]} Rb8 {[%clk 0:05:48]}
23. b3 {[%clk 0:10:22]} Qxe7 {[%clk 0:05:07]} 24. Rxe7 {[%clk 0:10:20]} Rb7
{[%clk 0:04:28]} 25. Re4 {[%clk 0:10:11]} Kf6 {[%clk 0:04:11]} 26. Kf1
{[%clk 0:09:34]} Rb4 {[%clk 0:04:03]} 27. c4 {[%clk 0:09:06]} a5 {[%clk 0:03:52]}
28. Ke2 {[%clk 0:08:46]} a4 {[%clk 0:03:52]} 29. Re3 {[%clk 0:08:45]} axb3
{[%clk 0:03:51]} 30. axb3 {[%clk 0:08:44]} Rb8 {[%clk 0:03:50]} 31. Kd2
{[%clk 0:08:32]} Ra8 {[%clk 0:03:46]} 32. Rf3+ {[%clk 0:08:19]} Ke7
{[%clk 0:03:44]} 33. Kc3 {[%clk 0:08:14]} Ra1 {[%clk 0:03:28]} 34. Re3+
{[%clk 0:07:47]} Kd7 {[%clk 0:03:27]} 35. Re2 {[%clk 0:07:40]} Rc1+
{[%clk 0:03:18]} 36. Kd3 {[%clk 0:07:28]} Rb1 {[%clk 0:03:14]} 37. Kc2
{[%clk 0:06:48]} Ra1 {[%clk 0:03:13]} 38. Kb2 {[%clk 0:06:47]} Ra8
{[%clk 0:03:11]} 39. Kc3 {[%clk 0:06:25]} Ra3 {[%clk 0:03:06]} 40. Kb2
{[%clk 0:05:59]} Ra8 {[%clk 0:03:05]} 41. f3 {[%clk 0:05:29]} Ra7
{[%clk 0:03:01]} 42. g4 {[%clk 0:05:21]} hxg4 {[%clk 0:02:55]} 43. fxg4
{[%clk 0:05:20]} Ra8 {[%clk 0:02:55]} 44. Kc3 {[%clk 0:04:58]} Rh8
{[%clk 0:02:51]} 45. Rh2 {[%clk 0:04:57]} Ke7 {[%clk 0:02:39]} 46. Rh3
{[%clk 0:04:41]} g5 {[%clk 0:01:45]} 47. h5 {[%clk 0:04:39]} f5 {[%clk 0:01:44]}
48. gxf5 {[%clk 0:04:01]} Kf6 {[%clk 0:01:44]} 49. b4 {[%clk 0:03:01]} cxb4+
{[%clk 0:01:43]} 50. Kxb4 {[%clk 0:03:00]} Rb8+ {[%clk 0:01:40]} 51. Ka5 g4 52.
Rh1 {[%clk 0:02:50]} Kxf5 {[%clk 0:01:39]} 53. h6 {[%clk 0:02:48]} g3
{[%clk 0:01:33]} 54. h7 {[%clk 0:02:43]} Rh8 {[%clk 0:01:27]} 55. Ka6
{[%clk 0:01:59]} Ke4 {[%clk 0:01:20]} 56. Kb7 {[%clk 0:01:51]} g2
{[%clk 0:01:05]} 57. Rg1 {[%clk 0:01:50]} Rxh7 58. Rxg2 {[%clk 0:01:48]} Kd4
{[%clk 0:00:29]} 59. Rg4+ {[%clk 0:01:38]} Kc5 {[%clk 0:00:28]} 60. Kc8
{[%clk 0:01:37]} Rf7 {[%clk 0:00:28]} 61. Kd8 {[%clk 0:01:35]} Rh7
{[%clk 0:00:27]} 62. Rf4 {[%clk 0:01:31]} Rg7 {[%clk 0:00:27]} 1/2-1/2

[Event "II. rocnik Poharu plk. gst. Aloise Parala"]
[Site "?"]
[Date "2024.04.20"]
[Round "5.2"]
[White "Rotrekl, Rostislav"]
[Black "Bures, Vit"]
[Result "1-0"]
[BlackElo "2182"]
[WhiteElo "1885"]
[LiveChessVersion "1.4.8"]

1. d4 {[%clk 0:14:59]} d5 {[%clk 0:15:00]} 2. Bf4 {[%clk 0:14:56]} c5
{[%clk 0:14:59]} 3. c3 {[%clk 0:14:54]} Nc6 {[%clk 0:14:59]} 4. e3
{[%clk 0:14:51]} Nf6 {[%clk 0:14:58]} 5. Nd2 {[%clk 0:14:49]} Bf5
{[%clk 0:14:57]} 6. Ngf3 {[%clk 0:14:44]} Qb6 {[%clk 0:14:56]} 7. Qc1
{[%clk 0:14:29]} e6 {[%clk 0:14:51]} 8. Be2 {[%clk 0:14:27]} h6 {[%clk 0:14:43]}
9. h3 {[%clk 0:14:23]} Be7 {[%clk 0:14:42]} 10. O-O {[%clk 0:14:21]} O-O
{[%clk 0:14:40]} 11. Ne5 {[%clk 0:14:18]} Nxe5 {[%clk 0:14:38]} 12. Bxe5
{[%clk 0:14:16]} Nd7 {[%clk 0:14:37]} 13. Bg3 {[%clk 0:14:10]} Rac8
{[%clk 0:14:35]} 14. Nf3 {[%clk 0:13:43]} Bf6 {[%clk 0:14:16]} 15. Rd1
{[%clk 0:13:24]} Rfd8 {[%clk 0:14:03]} 16. Bd3 {[%clk 0:13:13]} Bxd3
{[%clk 0:13:39]} 17. Rxd3 {[%clk 0:13:12]} Qa6 {[%clk 0:13:22]} 18. Rd1
{[%clk 0:12:58]} b5 {[%clk 0:13:14]} 19. Qd2 {[%clk 0:12:42]} Qb6
{[%clk 0:13:07]} 20. Rac1 {[%clk 0:12:18]} a5 {[%clk 0:12:49]} 21. b4
{[%clk 0:11:45]} cxb4 {[%clk 0:11:47]} 22. cxb4 {[%clk 0:11:45]} a4
{[%clk 0:11:32]} 23. Rxc8 {[%clk 0:11:20]} Rxc8 {[%clk 0:11:31]} 24. Rc1
{[%clk 0:11:17]} Qb7 {[%clk 0:11:24]} 25. Qb2 {[%clk 0:10:29]} Nb6
{[%clk 0:10:57]} 26. Rc5 {[%clk 0:09:32]} Nc4 {[%clk 0:10:33]} 27. Rxc8+
{[%clk 0:09:17]} Qxc8 {[%clk 0:10:31]} 28. Qc3 {[%clk 0:08:49]} Qa6
{[%clk 0:09:31]} 29. a3 {[%clk 0:08:39]} Be7 {[%clk 0:09:17]} 30. Ne5
{[%clk 0:08:02]} f6 {[%clk 0:09:07]} 31. Nxc4 {[%clk 0:07:54]} Qc6
{[%clk 0:07:58]} 32. Kf1 {[%clk 0:07:06]} dxc4 {[%clk 0:07:50]} 33. f3
{[%clk 0:06:45]} f5 {[%clk 0:07:41]} 34. Be5 {[%clk 0:06:36]} Qd5
{[%clk 0:06:49]} 35. Kf2 {[%clk 0:06:02]} Bf6 {[%clk 0:06:10]} 36. Bxf6
{[%clk 0:05:51]} gxf6 {[%clk 0:06:10]} 37. g3 {[%clk 0:05:22]} Kf7
{[%clk 0:06:01]} 38. h4 {[%clk 0:05:03]} e5 {[%clk 0:05:47]} 39. Ke2
{[%clk 0:03:54]} Ke6 {[%clk 0:05:39]} 40. Kf2 {[%clk 0:03:42]} f4
{[%clk 0:04:59]} 41. gxf4 {[%clk 0:03:18]} exf4 {[%clk 0:04:57]} 42. exf4
{[%clk 0:02:44]} Qf5 {[%clk 0:04:51]} 43. Qe3+ {[%clk 0:02:36]} Kd5
{[%clk 0:04:50]} 44. Qe7 {[%clk 0:01:54]} Kxd4 {[%clk 0:03:44]} 45. Qe3+
{[%clk 0:01:48]} Kd5 {[%clk 0:03:43]} 46. Qc5+ {[%clk 0:01:39]} Ke6
{[%clk 0:03:42]} 47. Qc8+ {[%clk 0:01:34]} Ke7 {[%clk 0:03:30]} 48. Qxf5
{[%clk 0:01:32]} Kf7 {[%clk 0:03:30]} 49. Qc5 {[%clk 0:01:31]} Ke6
{[%clk 0:03:25]} 50. Qxb5 {[%clk 0:01:29]} c3 {[%clk 0:03:25]} 51. Qc4+
{[%clk 0:01:28]} Kd6 {[%clk 0:03:24]} 52. Qxc3 {[%clk 0:01:27]} 1-0

[Event "II. rocnik Poharu plk. gst. Aloise Parala"]
[Site "?"]
[Date "2024.04.20"]
[Round "5.3"]
[White "Moucka, Jiri"]
[Black "Rozumek, Vlastimil"]
[Result "1/2-1/2"]
[BlackElo "2053"]
[WhiteElo "1986"]
[LiveChessVersion "1.4.8"]

1. e4 {[%clk 0:14:55]} c6 {[%clk 0:14:51]} 2. d4 {[%clk 0:14:50]} d5
{[%clk 0:14:45]} 3. Nc3 {[%clk 0:14:45]} dxe4 {[%clk 0:14:32]} 4. Nxe4
{[%clk 0:14:37]} Nf6 {[%clk 0:14:27]} 5. Nxf6+ {[%clk 0:14:25]} exf6
{[%clk 0:14:19]} 6. Nf3 {[%clk 0:14:19]} Bd6 {[%clk 0:14:09]} 7. Bd3
{[%clk 0:14:17]} O-O {[%clk 0:13:58]} 8. O-O {[%clk 0:14:12]} Re8
{[%clk 0:13:55]} 9. c4 {[%clk 0:13:57]} Nd7 {[%clk 0:13:08]} 10. Qc2
{[%clk 0:13:47]} Nf8 {[%clk 0:13:00]} 1/2-1/2

[Event "II. rocnik Poharu plk. gst. Aloise Parala"]
[Site "?"]
[Date "2024.04.20"]
[Round "5.4"]
[White "Buchnicek, Petr"]
[Black "Janicek, Jindrich"]
[Result "0-1"]
[BlackElo "2013"]
[WhiteElo "2212"]
[LiveChessVersion "1.4.8"]

1. d4 {[%clk 0:14:57]} Nf6 {[%clk 0:14:58]} 2. Bg5 {[%clk 0:14:56]} Ne4
{[%clk 0:14:49]} 3. h4 {[%clk 0:14:55]} c5 {[%clk 0:14:46]} 4. d5
{[%clk 0:14:54]} Qb6 {[%clk 0:14:24]} 5. Nd2 {[%clk 0:14:53]} Nxg5
{[%clk 0:14:07]} 6. hxg5 {[%clk 0:14:52]} g6 {[%clk 0:13:51]} 7. e4
{[%clk 0:14:41]} d6 {[%clk 0:13:40]} 8. Nc4 {[%clk 0:14:35]} Qc7 {[%clk 0:13:14]}
9. a4 {[%clk 0:14:31]} Nd7 {[%clk 0:13:02]} 10. f4 {[%clk 0:14:27]} Bg7
{[%clk 0:12:57]} 11. Nf3 {[%clk 0:14:08]} b6 {[%clk 0:12:01]} 12. c3
{[%clk 0:13:28]} a6 {[%clk 0:11:49]} 13. e5 {[%clk 0:12:04]} Rb8 {[%clk 0:11:06]}
14. g4 {[%clk 0:11:46]} dxe5 {[%clk 0:10:40]} 15. d6 {[%clk 0:11:42]} exd6
{[%clk 0:10:30]} 16. Nxd6+ {[%clk 0:11:39]} Kf8 {[%clk 0:10:22]} 17. f5
{[%clk 0:11:31]} e4 {[%clk 0:09:47]} 18. Qd5 {[%clk 0:11:06]} Ne5
{[%clk 0:08:36]} 19. Nxe5 {[%clk 0:11:02]} Bb7 {[%clk 0:08:05]} 20. Nxb7
{[%clk 0:10:17]} Bxe5 {[%clk 0:07:54]} 21. Bxa6 {[%clk 0:10:02]} Bg3+
{[%clk 0:07:35]} 22. Ke2 {[%clk 0:09:58]} Qf4 {[%clk 0:07:18]} 23. fxg6
{[%clk 0:08:58]} Qf3+ {[%clk 0:04:33]} 24. Kd2 {[%clk 0:08:56]} e3+
{[%clk 0:04:29]} 25. Kc2 {[%clk 0:08:56]} Qxd5 {[%clk 0:04:24]} 26. Rhf1
{[%clk 0:08:38]} hxg6 {[%clk 0:04:16]} 27. Rad1 {[%clk 0:08:29]} Qe4+
{[%clk 0:04:08]} 28. Kc1 {[%clk 0:08:19]} Rxb7 {[%clk 0:03:59]} 29. Bxb7
{[%clk 0:08:00]} Qxb7 {[%clk 0:03:57]} 0-1

[Event "II. rocnik Poharu plk. gst. Aloise Parala"]
[Site "?"]
[Date "2024.04.20"]
[Round "5.5"]
[White "Kabat, Josef"]
[Black "Svetly, Jiri"]
[Result "0-1"]
[BlackElo "1981"]
[WhiteElo "1854"]
[LiveChessVersion "1.4.8"]

1. e4 {[%clk 0:14:55]} d6 {[%clk 0:14:58]} 2. d4 {[%clk 0:14:46]} Nf6
{[%clk 0:14:56]} 3. Nc3 {[%clk 0:14:42]} g6 {[%clk 0:14:55]} 4. f3
{[%clk 0:14:29]} Bg7 {[%clk 0:14:51]} 5. Be3 {[%clk 0:14:27]} c6 {[%clk 0:14:48]}
6. Qd2 {[%clk 0:14:25]} b5 {[%clk 0:14:44]} 7. a3 {[%clk 0:14:23]} O-O
{[%clk 0:14:42]} 8. Bh6 {[%clk 0:14:17]} Bb7 {[%clk 0:14:33]} 9. Bxg7
{[%clk 0:14:14]} Kxg7 {[%clk 0:14:31]} 10. h4 {[%clk 0:13:39]} h5
{[%clk 0:14:09]} 11. Be2 {[%clk 0:13:17]} a5 {[%clk 0:14:05]} 12. Nh3
{[%clk 0:13:02]} e5 {[%clk 0:13:45]} 13. g4 {[%clk 0:11:35]} Nbd7
{[%clk 0:11:36]} 14. gxh5 {[%clk 0:11:11]} Nxh5 {[%clk 0:11:33]} 15. Ng5
{[%clk 0:10:45]} b4 {[%clk 0:11:12]} 16. axb4 {[%clk 0:10:36]} axb4
{[%clk 0:11:10]} 17. Rxa8 {[%clk 0:10:25]} Bxa8 {[%clk 0:10:51]} 18. Nd1
{[%clk 0:10:02]} Qa5 {[%clk 0:07:23]} 19. c3 {[%clk 0:09:19]} bxc3
{[%clk 0:06:34]} 20. Qxc3 {[%clk 0:09:17]} Qxc3+ {[%clk 0:06:09]} 21. bxc3
{[%clk 0:09:15]} Rb8 {[%clk 0:05:52]} 22. Bd3 {[%clk 0:08:00]} Nf4
{[%clk 0:05:23]} 23. Bc2 {[%clk 0:07:58]} c5 {[%clk 0:05:12]} 24. dxc5
{[%clk 0:06:35]} Nxc5 {[%clk 0:05:04]} 25. Nh3 {[%clk 0:06:07]} Nce6
{[%clk 0:04:38]} 26. Nxf4 {[%clk 0:05:55]} Nxf4 {[%clk 0:04:36]} 27. Kf2
{[%clk 0:05:44]} Bc6 {[%clk 0:04:29]} 28. Ke3 {[%clk 0:05:18]} Ra8
{[%clk 0:04:01]} 29. h5 {[%clk 0:03:59]} Nxh5 {[%clk 0:03:52]} 30. Bb3
{[%clk 0:03:46]} Ra3 {[%clk 0:03:45]} 31. Bc4 {[%clk 0:03:26]} Nf4
{[%clk 0:03:36]} 32. Rh2 {[%clk 0:03:15]} Ba4 {[%clk 0:03:31]} 0-1

[Event "II. rocnik Poharu plk. gst. Aloise Parala"]
[Site "?"]
[Date "2024.04.20"]
[Round "5.7"]
[White "Lacko, Dusan"]
[Black "Hrdlicka, Vladan"]
[Result "0-1"]
[BlackElo "1894"]
[WhiteElo "1750"]
[LiveChessVersion "1.4.8"]

1. e4 {[%clk 0:14:57]} c5 {[%clk 0:14:58]} 2. Nf3 {[%clk 0:14:55]} e6
{[%clk 0:14:56]} 3. d4 {[%clk 0:14:50]} cxd4 {[%clk 0:14:54]} 4. Nxd4
{[%clk 0:14:48]} Nc6 {[%clk 0:14:52]} 5. Bc4 Qc7 6. Bb3 {[%clk 0:13:40]} Qe5
{[%clk 0:14:19]} 7. Nxc6 {[%clk 0:13:12]} Qxe4+ {[%clk 0:14:07]} 8. Be3
{[%clk 0:12:47]} Qxc6 {[%clk 0:14:04]} 9. O-O {[%clk 0:12:33]} Nf6
{[%clk 0:13:59]} 10. Nc3 {[%clk 0:12:17]} a6 {[%clk 0:13:45]} 11. a4 b6
{[%clk 0:13:23]} 12. Qe2 {[%clk 0:10:47]} Bb7 {[%clk 0:13:16]} 13. f3
{[%clk 0:10:26]} Bc5 {[%clk 0:13:05]} 14. Qf2 {[%clk 0:09:39]} O-O
{[%clk 0:12:55]} 15. Rfe1 {[%clk 0:08:23]} d5 {[%clk 0:12:40]} 16. Bxc5
{[%clk 0:08:01]} bxc5 {[%clk 0:12:36]} 17. Rad1 {[%clk 0:07:28]} d4
{[%clk 0:12:24]} 18. Ne2 {[%clk 0:06:39]} Nd5 {[%clk 0:12:13]} 19. Ng3
{[%clk 0:05:27]} Ne3 {[%clk 0:11:59]} 20. Rd2 {[%clk 0:04:45]} Qb6
{[%clk 0:11:39]} 21. Rxe3 {[%clk 0:02:28]} dxe3 {[%clk 0:11:32]} 22. Qxe3
{[%clk 0:02:26]} Rad8 {[%clk 0:11:21]} 23. Bc4 Qb4 {[%clk 0:11:12]} 24. Rxd8
{[%clk 0:00:27]} Rxd8 {[%clk 0:11:07]} 25. Bd3 {[%clk 0:00:17]} c4
{[%clk 0:10:59]} 26. Bxh7+ {[%clk 0:00:04]} Kxh7 {[%clk 0:10:26]} 0-1